000 00416nam a2200169Ia 4500
008 230524s9999 xx 000 0 und d
020 _a8174091475
082 _a621.384
_bMAI
100 _aA.K.Maini
245 0 _aDigital Electronics Principles and Applications
250 _a20TH
260 _aNEW DELHI
_bKhanna
_c2005
300 _a540
500 _aQuantity Number: 2
650 _aElectronics
942 _cBK
999 _c7598
_d7598